Difficultates proponit circa Osteologiam methodicam (Record no. 162531)

MARC details
000 -LEADER
campo de control de longitud fija 01036nam a2200241 i 4500
001 - NÚMERO DE CONTROL
campo de control 162531
003 - IDENTIFICADOR DE NÚMERO DE CONTROL
campo de control ES-MaACL
005 - FECHA Y HORA DE LA ÚLTIMA TRANSACCIÓN
campo de control 20230906212540.0
008 - DATOS DE LONGITUD FIJA--INFORMACIÓN GENERAL
campo de control de longitud fija 830913s1769 sp |||| | spa d
040 ## - FUENTE DE CATALOGACIÓN
Centro catalogador/agencia de origen CAT
Lengua de catalogación spa
Centro/agencia transcriptor CAT
Centro/agencia modificador CCPB
080 #4 - NÚMERO DE LA CLASIFICACIÓN DECIMAL UNIVERSAL
Número de la Clasificación Decimal Universal 611.71Puig, Francisco
100 1# - ENTRADA PRINCIPAL--NOMBRE DE PERSONA
Nombre de persona Prats, Luis.
9 (RLIN) 93695
245 10 - MENCIÓN DEL TÍTULO
Título Difficultates proponit circa Osteologiam methodicam
Resto del título : quam ad usum Regiorum Chirurgiae Collegiorum in lucem edidit D.D. Franciscus Puig ... /
Mención de responsabilidad, etc. Ludovicus Prats ...
260 ## - PUBLICACIÓN, DISTRIBUCIÓN, ETC.
Lugar de publicación, distribución, etc. Barc. :
Nombre del editor, distribuidor, etc. apud Franciscum Generas ...,
Fecha de publicación, distribución, etc. 1769.
300 ## - DESCRIPCIÓN FÍSICA
Extensión [6], 56, [2] p. ;
Dimensiones 4º (20 cm)
510 ## - NOTA DE CITAS O REFERENCIAS BIBLIOGRÁFICAS
Nombre de la fuente Palau 235.992
594 ## - Nota al título y mención de responsabilidad
Nota al título y mención de responsabilidad En port. la mención de resp. precede al tít. propio.
597 ## - NOTA DE DESCRIPCIÓN FÍSICA
NOTA DE DESCRIPCIÓN FÍSICA La última p. en blanco.
597 ## - NOTA DE DESCRIPCIÓN FÍSICA
NOTA DE DESCRIPCIÓN FÍSICA Número de lín. y caja variables, notas a pie de p. y reclamos.
597 ## - NOTA DE DESCRIPCIÓN FÍSICA
NOTA DE DESCRIPCIÓN FÍSICA Sign.: A-H4.
600 04 - PUNTO DE ACCESO ADICIONAL DE MATERIA--NOMBRE DE PERSONA
Nombre de persona Puig, Francisco.
9 (RLIN) 94226
852 ## - LOCALIZACIÓN
Ubicación ES-MaACL
Número de control de estantería R-3430(7) .
Nota libre - Ex libris de Mateo Seoane
-- -- Enc. pasta, falto de la cub. original
-- -- Enc. en un vol. facticio
Encuadernación -- Olim: T-629-F
Holdings
Estatus retirado Estado de pérdida Estado de daño No para préstamo Colección Biblioteca de origen Biblioteca actual Ubicación en estantería Fecha de adquisición Fuente de adquisición Total de préstamos Signatura topográfica completa Código de barras Visto por última vez Precio de reemplazo Tipo de ítem Koha
        Libros del s. XVIII Biblioteca del Ateneo de Madrid Biblioteca del Ateneo de Madrid Depósito 17/01/2008     R-Armario 17 1170272 23/02/2023 23/02/2023 Libro impreso antiguo